000 00532nam a2200217Ia 4500
003 OSt
005 20220924133309.0
006 a|||||r|||| 00| 0
007 ta
008 220923b |||||||| |||| 00| 0 per d
024 _a263822
037 _cTextual
040 _aARTS
_cARTS
_bper
041 _2per
_aper
082 _aO164,1E03:g, M0
100 _aAli Dashnavi
_9206107
245 0 _aNasir Khusrow
260 _c1980
942 _hO164,1E03:g, M0
_cTEXL
_2CC
999 _c433326
_d433326